Statistics for Guess The Song By Emojis (Pt. 1)

Click here to take the quiz!

General Stats

  • This quiz has been taken 129 times
  • The average score is 4 of 12

Answer Stats

EmojisAnswer% Correct
😊Happy
99%
πŸ’Flowers
84%
πŸ§›vampire
76%
πŸ‘ΌπŸΉβ€οΈCupid
60%
πŸ’ƒπŸ» 🍡+πŸ”-N πŸŒƒDance The Night
20%
πŸ•ΆοΈ πŸ’‘Blinding Lights
14%
πŸ—‘οΈ 🧾Kill Bill
9%
πŸͺ΅ πŸŒΈβ˜€οΈπŸβ˜ƒοΈStick Season
9%
πŸ‘¦ 🎱-🍡 πŸ€₯Boys A Liar
8%
πŸ˜‘βœ‹ β˜€οΈCruel Summer
7%
βŒπŸ’° 🏬Thrift Shop
7%
❌ πŸ‹οΈ πŸ›‘Not Strong Enough
5%

Score Distribution

Percentile by Number Answered

Percent of People with Each Score

Your Score History

You have not taken this quiz